| 000 | 00358nam a2200145Ia 4500 | ||
|---|---|---|---|
| 008 | 150201s2008 xx 000 0 und d | ||
| 082 |
_a615 _bF08G |
||
| 100 | _aGHOSH, M.N. | ||
| 245 | _aFUNDAMENTALS OF EXPERIMENTAL PHARMACOLOGY | ||
| 250 | _aTH | ||
| 260 |
_bHILTON COMPANY _aKOLKATA _c2008 |
||
| 300 | _a1-278 | ||
| 650 | _aPHARMACOLOGY | ||
| 942 |
_2ddc _cBK |
||
| 999 |
_c1232 _d1232 |
||